DEVELOPMENT AND SOCIAL CHANGE:A GLOBAL PERSPECTIVE (Record no. 75222)

MARC details
000 -LEADER
fixed length control field 00568nam a2200193Ia 4500
003 - CONTROL NUMBER IDENTIFIER
control field OSt
005 - DATE AND TIME OF LATEST TRANSACTION
control field 20250716161123.0
020 ## - INTERNATIONAL STANDARD BOOK NUMBER
International Standard Book Number 978-0-7619-8810-6
040 ## - CATALOGING SOURCE
Transcribing agency LC
050 ## - LIBRARY OF CONGRESS CALL NUMBER
Classification number HC 79 .E44 M 356 2004
Item number 2
100 ## - MAIN ENTRY--PERSONAL NAME
Personal name McMICHAEL, PHILIP
245 #0 - TITLE STATEMENT
Title DEVELOPMENT AND SOCIAL CHANGE:A GLOBAL PERSPECTIVE
250 ## - EDITION STATEMENT
Edition statement 3
260 ## - PUBLICATION, DISTRIBUTION, ETC.
Place of publication, distribution, etc. NEW DELHI,
Name of publisher, distributor, etc. PINE FORGE PRESS,
Date of publication, distribution, etc. 2004,
300 ## - PHYSICAL DESCRIPTION
Extent XXXiX, 359 P, ILL
500 ## - GENERAL NOTE
General note INCLUDES BIBLIOGRAPHICAL REFERENCES AND INDEX
650 ## - SUBJECT ADDED ENTRY--TOPICAL TERM
Topical term or geographic name entry element Competition, International Competition, International History
942 ## - ADDED ENTRY ELEMENTS (KOHA)
Koha item type Long Loan Book
Source of classification or shelving scheme Library of Congress Classification
Suppress in OPAC No
Holdings
Withdrawn status Lost status Source of classification or shelving scheme Damaged status Not for loan Collection Home library Current library Shelving location Date acquired Inventory number Total checkouts Full call number Barcode Date last seen Copy number Price effective from Koha item type
    Library of Congress Classification     Business & Economics Kisii University Library Kisii University Library On Display 09/15/2023 54980   HC 79 .E44 M356 2004 000000017620 09/15/2023 C.1 09/15/2023 Long Loan Book
    Library of Congress Classification     Business & Economics Kisii University Library Kisii University Library On Display 09/15/2023 65753   HC 79 .E44 M356 2004 000000017621 06/04/2025 C.2 09/15/2023 Long Loan Book